000 00663nam a22001937a 4500
003 OSt
005 20251127152337.0
008 251127b |||||||| |||| 00| 0 eng d
020 _a13 : 978-07506-7812-4.
040 _aDWCL-Main lib
_cOC
082 _aGR.621.3 As823e 2006
100 _aAshby, Darren
245 _aElectrical engineering 01 :
_beverything you should have learned in school, but probably didn't
_cAshby, Darren
260 _aUK :
_bNewnes,
_cc2006.
300 _axvi, 332 pages :
_billustration ;
_c23 cm. + 1 CD-ROM.
504 _aIncludes bibliographical references and index.
650 _21. Electrical engineering.
942 _2ddc
_cGR
_kGR.
_n0
999 _c6498
_d6498